000 00743nam a2200193 a 4500
001 000035135
005 20200930074128.0
008 111025s1909 sp 000 0 spa d
040 _aDO-SdBNP
_bspa
_cBNPHU
082 _axxxx
100 1 _aVega, Ventura de la,
_d(1807-1865)
_960838
240 1 0 _a¡Juan Miguel!.
_kLibreto
245 1 0 _a¡Juan Miguel! :
_bzarzuela dramática en un acto y tres cuadros, en prosa y verso /
_coriginal de Ventura de la Vega ; música de José Padilla.
260 _aMadrid :
_bSociedad de Autores Españoles,
_c1909.
300 _a42 p. ;
_c21 cm.
500 _aEstrenada en el Teatro Barbieri el 1 de octubre de 1909
700 1 _aPadilla, José
_emús.
_960836
710 2 _aSociedad de Autores Españoles
_960837
999 _c34626
_d34626